Abréviations d'équipe de football - Statistiques

Statistiques générales
  • Ce quiz a été pris 487 fois
  • Le résultat moyen est 31 sur 40
Statistiques - réponses
Abréviations Equipes % Correct
PSG Paris
96%
LOSC Lille
95%
OL Lyon
95%
OM Marseille
95%
ASSE Saint-Etienne
95%
Le HAC Le Havre
94%
ASM Monaco
93%
MHSC Montpellier
92%
OGCN / GYM Nice
92%
ESTAC Troyes
92%
TFC Toulouse
91%
AJA Auxerre
90%
DFCO Dijon
88%
PFC Paris
87%
SCO Angers
86%
EAG Guingamp
86%
RCL Lens
86%
VAFC Valenciennes
86%
FCN Nantes
85%
ACA Ajaccio
84%
SB29 Brest
84%
GF38 Grenoble
84%
CF63 Clermont
83%
RCSA Strasbourg
80%
ASNL Nancy
78%
SRFC Rennes
78%
FCGB Bordeaux
77%
FCL Lorient
74%
FCSM Sochaux
74%
QRM Quevilly
69%
SR Reims
65%
SMC Caen
64%
NO Nîmes
63%
SCB Bastia
61%
FCM Metz
58%
USLD Dunkerque
47%
PFC Pau
42%
RAF Rodez
38%
ASC Amiens
37%
CNFC Niort
25%
Aucun quiz correspondant
Distribution des résultats
% des personnes avec chaque résultat
Percentile par nombre de réponses
Votre historique - résultats
Vous n’avez pas pris ce quiz